000 00655nam a2200217Ii 4500
003 JO-AjNU
008 230605s9999||||xx |||||||||||||| ||und||
017 _a2007/34
020 _a99921-43-08-8
040 _aJO-AjNU
_bara
_erda
_cJO-AjNU
041 _aara
050 1 4 _aPJ7862.H421.N37 2007
100 3 _aشعلان، سناء,
_eauthor
_949280
245 0 0 _aناسك الصومعة ((مجموعة قصصية))
264 3 1 _aعمان: المؤلفة، 2007
300 _a127ص
336 _atext
_btxt
_2rdacontent
337 _aunmediated
_bn
_2rdamedia
338 _avolume
_bnc
_2rdacarrier
650 4 _aالأدب العربي - قصص
_949281
999 _aA21635
_c25203
_d25203